Ríos del mundo por letra - Estadísticas

Estadísticas generales
  • Esta prueba ha sido intentada 2.518 veces
    2.494 desde el último reinicio
  • La puntuación promedio es 11 de 26
Estadísticas de respuestas
Letra Pista Respuesta % Correcto
A En Sudamérica. Comparte su nombre junto con la selva tropical más grande del mundo Amazonas
99%
N Es el río más largo de África y fue fundamental para el desarrollo de la civilización egipcia Nilo
90%
E Es el río más largo que nace y desemboca en España Ebro
78%
G Es considerado sagrado en la India y es uno de los ríos más contaminados del mundo Ganges
68%
V Es el más largo de Europa, conocido en Rusia como “el río madre” Volga
62%
T Uno de los dos ríos que rodea Mesopotamia Tigris
61%
C Es el segundo río más caudaloso del mundo, y el segundo más largo de África Congo
58%
J Donde, según la Biblia, Jesús fue bautizado Jordán
56%
H Es conocido por dividir la ciudad de Nueva York (Manhattan) y Nueva Jersey Hudson
53%
U Frontera natural Europa y Asia, y es un río importante en Rusia y Kazajistán Ural
53%
L El más largo de Francia y famoso por los castillos a lo largo de su curso Loira
49%
B Sirve de frontera natural entre México y Estados Unidos Bravo
42%
D Cruza Rusia, Bielorrusia y Ucrania, y es crucial para el abastecimiento de agua y transporte en Ucrania Dniéper
42%
P Es el segundo río más largo de Sudamérica Paraná
39%
I Uno de los más largos de Asia, el más importante de Pakistán y de los principales de la India Indo
38%
Z Ubicado en África, famoso por tener a las cataratas Victoria en su curso Zambeze
34%
Y Este río en Canadá y Alaska fue fundamental durante la fiebre del oro de Klondike Yukón
33%
X Uno de los ríos principales de China y una importante fuente de agua en la región de Cantón Xi
32%
K Conocido por ser una fuente importante de riego en la región de Kubán, Rusia Kubán
19%
O Uno de los tres grandes ríos siberianos, es esencial para el transporte en Rusia Obi
19%
S Conecta los Grandes Lagos con el océano Atlántico y hace frontera entre Canadá y Estados Unidos San Lorenzo
16%
M Es el río principal de Colombia y de donde un departamento toma su nombre Magdalena
14%
Q Ubicado en el Eje Cafetero de Colombia y conocido por su agua limpia Quindío
6%
R Cruza Lima y ha sido vital para la historia de la ciudad Rímac
6%
F Este río en Suecia fluye por Uppsala y es famoso en la historia vikinga y medieval del país Fyris
4%
W En Estados Unidos, es un afluente importante del río Ohio y atraviesa Indiana Wabash
3%
No se encontraron pruebas coincidentes
Distribución de puntuación
Porcentaje de gente con cada puntuación
Porcentaje por número respondido
Historial de tus puntuaciones
No has intentado esta prueba desde el último reinicio